| 000 | 00496nam a2200181Ia 4500 | ||
|---|---|---|---|
| 008 | 220204s9999 xx 000 0 und d | ||
| 020 | _a:0748407464 | ||
| 082 |
_a573.6:581 _bBEN |
||
| 100 | _aBenson, Erica E | ||
| 245 | 0 | _aPlant conservation biotechnology | |
| 260 |
_aLondon _bTaylor&Francis _c2003 |
||
| 650 | _aBiodiversity | ||
| 650 | _aCryopreservation | ||
| 650 | _aPhytosanitary aspects | ||
| 650 | _aPlant conservation biotechnology | ||
| 650 | _aSeed biotechnology | ||
| 942 | _cBK | ||
| 999 |
_c42154 _d42154 |
||